Southville International School and Colleges
Your cart is empty.
  • Cart
  • Lists
    Public lists Eva Luna New books Lux_list list_1
    Your lists Log in to create your own lists
  • Log in to your account
  • Your cookies
  • Search history
Southville International School and Colleges
  • Advanced search
  • Recent comments
  • Most popular
  • Libraries

Log in to your account

Log in with GOOGLE


If you do not have an external account, but do have a local account, you can still log in:

  1. Home
  2. MARC view: Ang aklat ng guro =
Normal view MARC view ISBD view

Ang aklat ng guro = (Record no. 291649)

[ view plain ]
MARC details
000 -LEADER
fixed length control field 00688nam a2200253Ia 4500
008 - FIXED-LENGTH DATA ELEMENTS--GENERAL INFORMATION
fixed length control field 160319s9999 xx 000 0 und d
020 ## - INTERNATIONAL STANDARD BOOK NUMBER
International Standard Book Number 971-23-1931-8
050 ## - LIBRARY OF CONGRESS CALL NUMBER
Classification number FIL LB 6053
050 ## - LIBRARY OF CONGRESS CALL NUMBER
Item number .V55 1991
100 ## - MAIN ENTRY--PERSONAL NAME
Personal name Villanueva, Antonia F.
245 ## - TITLE STATEMENT
Title Ang aklat ng guro =
245 ## - TITLE STATEMENT
Remainder of title the teacher's book /
245 ## - TITLE STATEMENT
Statement of responsibility, etc Antonia F. Villanueva, Antonio D. G. Mariano.
250 ## - EDITION STATEMENT
Edition statement Revised Edition
260 ## - PUBLICATION, DISTRIBUTION, ETC. (IMPRINT)
Place of publication, distribution, etc Manila:
260 ## - PUBLICATION, DISTRIBUTION, ETC. (IMPRINT)
Name of publisher, distributor, etc Rex Book Store, Inc.,
260 ## - PUBLICATION, DISTRIBUTION, ETC. (IMPRINT)
Date of publication, distribution, etc 1955
300 ## - PHYSICAL DESCRIPTION
Extent 278 pages :
300 ## - PHYSICAL DESCRIPTION
Other physical details illustrations ;
300 ## - PHYSICAL DESCRIPTION
Dimensions 22 cm.
650 ## - SUBJECT ADDED ENTRY--TOPICAL TERM
Topical term or geographic name as entry element Education -- Methods of teaching.
650 ## - SUBJECT ADDED ENTRY--TOPICAL TERM
Topical term or geographic name as entry element Effective teaching.
650 ## - SUBJECT ADDED ENTRY--TOPICAL TERM
General subdivision Teacher education.
Holdings
Withdrawn status Lost status Damaged status Home library Current library Shelving location Date acquired Total Checkouts Full call number Barcode Date last seen Price effective from Koha item type
      South Mansfield College South Mansfield College Filipiniana Section 06/09/2005   FIL LB 6053 .V55 1991 SMC02703 03/19/2016 03/19/2016  

Ang aklat ng guro =

APA

Villanueva A. F., .Ang aklat ng guro =. Manila: .

Chicago

Villanueva Antonia F, .Ang aklat ng guro =. Manila: .

Harvard

Villanueva A. F., .Ang aklat ng guro =. Manila: .

MLA

Villanueva Antonia F, .Manila: . .

  • Place hold
  • Print
  • Cite
  • Add to your cart (remove)
  • Save record
    BIBTEX Dublin Core MARCXML MARC (non-Unicode/MARC-8) MARC (Unicode/UTF-8) MARC (Unicode/UTF-8, Standard) MODS (XML) RIS
  • More searches
    Search for this title in:
    Other Libraries (WorldCat) Other Databases (Google Scholar) Online Stores (Bookfinder.com) Open Library (openlibrary.org)

Exporting to Dublin Core...

SOUTHVILLE LIBRARY

Southville International School and Colleges Library

1281 Tropical Ave. Cor. Luxembourg St., BF Homes International, Las Pinas City

Tel. No. 8256374 / 252358 Loc. 117/146

Powered by Koha